书目信息 |
| 题名: |
新几何
|
|
| 作者: | 平冈忠 著 ;马忠林 译 | |
| 分册: | ||
| 出版信息: | 北京 知识出版社 1987 |
|
| 页数: | 63页 | |
| 开本: | 19cm | |
| 丛书名: | 数学知识丛书 | |
| 单 册: | ||
| 中图分类: | O181 , O123 | |
| 科图分类: | ||
| 主题词: | 几何学 , 欧氏几何 , 初等数学 | |
| 电子资源: | ||
| ISBN: | ||
| 000 | 00787nam2 2200313 45 | |
| 001 | 0187008157 | |
| 005 | 20040518111357.3 | |
| 010 | @dCNY0.55 | |
| 091 | @a13214.44 | |
| 100 | @a19900808d1987 em y0chiy0121 ea | |
| 101 | 1 | @achi@cjpn |
| 102 | @aCN@b110000 | |
| 105 | @ay z 000yy | |
| 106 | @ar | |
| 200 | 10 | @a新几何@Axin ji he@f(日)平冈忠著@g马忠林译 |
| 210 | @a北京@c知识出版社@d1987 | |
| 215 | @a63页@d19cm | |
| 225 | 2 | @a数学知识丛书 |
| 410 | 0 | @120010@a数学知识丛书 |
| 606 | @a几何学 | |
| 606 | @a欧氏几何 | |
| 606 | 0 | @a初等数学 |
| 690 | @aO181@v3 | |
| 690 | @aO123 | |
| 701 | 0 | @a平冈忠@Aping gang zhong@4著 |
| 702 | 0 | @a马忠林@Ama zhong lin@4译 |
| 801 | 0 | @aCN@b深圳图书馆@c20040518 |
| 801 | 2 | @aCN@bNLC@c20040518 |
| 905 | @f4@b207302-305@dO123@e25 | |
| 新几何/(日)平冈忠著/马忠林译.-北京:知识出版社,1987 |
| 63页;19cm.-(数学知识丛书) |
| ISBN :CNY0.55 |
| ● |
| 相关链接 |
|
|
|
|
正题名:新几何
索取号:O123/25
 
预约/预借
| 序号 | 登录号 | 条形码 | 馆藏地/架位号 | 状态 | 备注 |
| 1 | 0207302 | 001243112 | 第三借阅区/ [索取号:O123/25] | 在馆 | |
| 2 | 0207303 | 001243121 | 第三借阅区/ [索取号:O123/25] | 在馆 | |
| 3 | 0207304 | 001243149 | 第三借阅区/ [索取号:O123/25] | 在馆 | |
| 4 | 0207305 | 001472105 | 第三借阅区/ [索取号:O123/25] | 在馆 | |
| 5 | 0207306 | 001243103 | 第二样本阅览室/ [索取号:O123/25] | 在馆 |